000 00916cam a2200229 4500
001 B2067
008 090401t1988 xxu||||| |||| 00| 0 eng d
035 _a(Sirsi) u47868
041 _aeng
050 _a332.6324
090 _aRICS 1988/19 ABC
110 _aInstitution and College Conferences
_92330
245 4 _aThe investment surveyor: a strategy for the future conference at Cafe Royal, 21 April 1988
260 _c1988
300 _a3 papers
350 _a4.5
520 _aPapers by: Benson,Christopher , Newmarch,Mick and Nightingale,Roger . Conference sponsored by the RICS investment and financial services committee in conjunction with the Investment Surveyors Forum. Includes programme, biographical notes on speakers, list of participants, and synopsis of paper by Hilton,Anthony
650 _aABOUT RICS-RICS MEMBERS
650 _aPROPERTY INVESTMENT
942 _n0
948 _c04/03/1997
999 _c92229
_d92229